=LDR 00000nam 2200000 4500 =001 INLIS000000000022129 =005 20130612120922 =008 ***********************************ind** =035 ##$$0010-061300000022129 =041 ##$$a ind =082 ##$$a 028.5 =090 ##$$a 028.5, Yud s =100 ##$$a Yudistira, Emha =245 ##$$a Si Kancil yang Usil, Emha Yudistira =260 ##$$a [s.a] $b [s.l] =300 ##$$a 16 hlm., illus, 15 cm =650 ##$$a Fiksi Anak =850 ##$$a NBPNMAT